000 00308nam a2200133Ia 4500
008 230917s9999||||xx |||||||||||||| ||und||
040 _e153066
_aMAIN
041 _aEnglish
082 _a294.6 C349S
100 _aChakladar, H.C.
245 0 _aShri Guru Granth Sahib ji
300 _a150p p.
942 _cBK
999 _c196300
_d196300